| 000 | 00441nam a2200133Ia 4500 | ||
|---|---|---|---|
| 008 | 191129s9999 xx 000 0 und d | ||
| 020 | _a4806523172851 | ||
| 100 | _aStanley, Andy | ||
| 245 |
_cAndy Stanley _aThe next generation leader: _b5 essentials for those who will shape the future |
||
| 260 |
_aManila: _bChurch Strengthening Ministry, Inc. _c2003 |
||
| 300 |
_a212 p. ; _bill. : _c16 cm. |
||
| 650 | _aInspiration | ||
| 650 | _aLeadership | ||
| 999 |
_c362742 _d362742 |
||